|
|
|
|
| LEADER |
01863nam a2200409 i 4500 |
| 001 |
EBC5510380 |
| 003 |
MiAaPQ |
| 005 |
20200520144314.0 |
| 006 |
m o d | |
| 007 |
cr cnu|||||||| |
| 008 |
180927s2018 gw o 000 0 ger d |
| 020 |
|
|
|z 9783737605083
|
| 020 |
|
|
|a 9783737605090 (e-book)
|
| 035 |
|
|
|a (MiAaPQ)EBC5510380
|
| 035 |
|
|
|a (Au-PeEL)EBL5510380
|
| 035 |
|
|
|a (OCoLC)1053833539
|
| 040 |
|
|
|a MiAaPQ
|b eng
|e rda
|e pn
|c MiAaPQ
|d MiAaPQ
|
| 050 |
|
4 |
|a BJ1461
|b .F677 2018
|
| 082 |
0 |
|
|a 123.5
|2 23
|
| 245 |
0 |
0 |
|a Forschung zwischen Freiheit und Verantwortung :
|b Die wissenschaftshistorische Perspektive /
|c Dominik Gross, Julia Nebe (hrsg.).
|
| 264 |
|
1 |
|a Kassel :
|b Kassel University Press,
|c [2018]
|
| 264 |
|
4 |
|c 2018
|
| 300 |
|
|
|a 1 online resource (287 pages).
|
| 336 |
|
|
|a text
|b txt
|2 rdacontent
|
| 337 |
|
|
|a computer
|b c
|2 rdamedia
|
| 338 |
|
|
|a online resource
|b cr
|2 rdacarrier
|
| 490 |
1 |
|
|a Studien des Aachener Kompetenzzentrums fur Wissenschaftsgeschichte ;
|v Band 20
|
| 588 |
|
|
|a Description based on print version record.
|
| 590 |
|
|
|a Electronic reproduction. Ann Arbor, MI : ProQuest, 2018. Available via World Wide Web. Access may be limited to ProQuest affiliated libraries.
|
| 650 |
|
0 |
|a Free will and determinism.
|
| 655 |
|
4 |
|a Electronic books.
|
| 700 |
1 |
|
|a Gross, Dominik,
|e editor.
|
| 700 |
1 |
|
|a Nebe, Julia,
|e editor.
|
| 776 |
0 |
8 |
|i Print version:
|t Forschung zwischen Freiheit und Verantwortung : Die wissenschaftshistorische Perspektive.
|d Kassel : Kassel University Press, c2018
|h 287 pages
|k Studien des Aachener Kompetenzzentrums fur Wissenschaftsgeschichte ; Band 20.
|z 9783737605083
|
| 797 |
2 |
|
|a ProQuest (Firm)
|
| 830 |
|
0 |
|a Studien des Aachener Kompetenzzentrums fur Wissenschaftsgeschichte ;
|v Band 20.
|
| 856 |
4 |
0 |
|u https://ebookcentral.proquest.com/lib/matrademy/detail.action?docID=5510380
|z Click to View
|